000 00621nam a2200181Ia 4500
008 151018s9999 xx 000 0 und d
082 _bRBASDV15322
_a920
100 _aनरेंद्र दाभोलकर
245 _aकबड्डी
250 _b1
260 _bसाहित्य संस्कृती मंडळ महाराष्ट्र राज्य
_c1980
300 _a160
600 _aनरेंद्र दाभोलकर
630 _aकबड्डी
700 _aनरेंद्र दाभोलकर
730 _aकबड्डी
942 _cBOOK
999 _c1016049
_d1016046